01979cam a22004334i 4500003000900000005001700009008004100026020001800067035002000085040003300105082002200138100002800160245009300188264006300281300004400344336002100388337002500409338002300434490007400457504004000531504003400571505067000605526000901275526000901284526000901293526000901302526000901311526000901320526000801329526000801337526000801345526000801353526000801361526000801369650005801377650003301435650005001468650002701518PE-LiUPU20250731184537.0180222s2012 gs rb 001 0 eng d a9781589836402 a(Sirsi) a241360 aPE-LiUPUbspacPE-LiUPUerda04a933.4903bF282201 aFaust, Avraham,eautor.10aJudah in the neo-Babylonian period :bthe archaeology of desolation /cby Avraham Faust. 1aAtlanta, Georgia :bSociety of Biblical Literature,c2012. axiv, 302 páginas ;c23 centímetros. atext2rdacontent aunmediated2rdamedia avolume2rdacarrier0 aSociety of Biblical Literature Archaeology and biblical studies ;v18 aBibliografía : páginas 255-290. aÍndice : páginas 298-302.0 aThe end of the Iron Age in Judah: primary archeological data -- Judah in the sixth to second century B.C.E.: a rural perspective -- Greek imports and the neo-Babylonian period -- Social and cultural changes in Judah: the iron age to the Persian period -- Settlement and demography in Judah: the seventh to second centuries B.C.E -- The Babylonian destruction in context: Nebuchadnezzar and Sennacherib compared -- Sixth-century Judah as a post-collapse society -- Consequences of destruction: the continuity theory revisited -- The land of Benjamin revisited -- Life in Judah in the sixth century B.C.E -- Judah in the sixth century B.C.E.: summary and conclusions. aP136 aP135 aP134 aP133 aP144 aP143 aP87 aP35 aP20 aP14 aP10 aP0604aJudíos en cautiverio babilónico (598 - 515 a. C.)04aAntigüedades de Palestina.04aJews in Babylonian captivity (598 - 515 B.C.)04aPalestine Antiquities.